| 000 | 00721cab a2200229 4500 | ||
|---|---|---|---|
| 001 | X2833 | ||
| 008 | 090401t1995 xxu||||| |||| 00| 0 eng d | ||
| 035 | _a(Sirsi) u26695 | ||
| 041 | _aeng | ||
| 245 | _aWaste removal uner the EPA | ||
| 260 | _c1995 | ||
| 350 | _a0 | ||
| 490 |
_aCSM (Chartered Surveyor Monthly) _v5(1) September 1995, 23(1) |
||
| 520 | _aAnnounces a draft guidance note on waste removal under the Environmental Protection Act 1990. | ||
| 650 | _aCOMMERICIAL AND TOWN CENTRE MANAGEMENT SKILLS PANEL | ||
| 650 | _aENVIRONMENTAL PROTECTION ACT 1990 | ||
| 650 | _aWASTE CARRIERS | ||
| 650 | _aWASTE REMOVAL | ||
| 690 | _aENVIRONMENTAL AND LAND CONSULTANCY | ||
| 942 | _n0 | ||
| 948 | _c04/03/1997 | ||
| 999 |
_c17963 _d17963 |
||